| 000 | 00675nam a2200217 a 4500 | ||
|---|---|---|---|
| 005 | 20240925065716.0 | ||
| 008 | 991125s1972 es 000 0 spa u | ||
| 035 | _aUPN01000019795 | ||
| 049 | _aCG | ||
| 050 | 4 |
_aHM621 _bM3.3 1972 |
|
| 100 | 1 |
_aMarcuse, Herbert, _d1898-1979 _929033 |
|
| 245 | 1 | 0 |
_aEnsayos sobre política y cultura / _cHerbert Marcuse ; pról. de Miguel Siguán ; tr. de Juan-Ramón Capella. |
| 250 | _a3a ed. | ||
| 260 |
_aBarcelona, Esp. : _bAriel, _c1972. |
||
| 300 | _a211 p. | ||
| 440 | 0 |
_aAriel quincenal ; _v29 |
|
| 650 | 4 |
_aCiencias políticas _96023 |
|
| 650 | 4 |
_aCultura _97095 |
|
| 650 | 4 |
_aTecnología y civilización _99784 |
|
| 905 | _aLibro | ||
| 999 |
_c19795 _d19795 |
||